00407nam a2200133Ia 45000010005000000080041000050200022000460820020000681000019000882450064001072600059001719010028002309990015002582253241024s9999 xx 000 0 und d a978-9945-404-19-7 aRD/863.008/J79l aLuis R. Santos 0aJonrón 600. Primer concurso de cuentos sobre el béisbol bEdiciones de la Secrtaría de Estado de Culturac2008 a15/5/2012 12:01:29 p.m. c7851d7851